=LDR 00000nam 2200000 4500 =001 INLIS000000000001374 =005 20130612085800 =008 ***********************************Ind** =035 ##$$0010-061300000001374 =041 ##$$a Ind =082 ##$$a 028.5 =090 ##$$a 028.5, Sma-s =100 ##$$a SMAS, Bung =245 ##$$a Sumur abadi galian Ismail, Kisah-kisah dalam Al-Qur'an, Bung Smas =260 ##$$a 1996 $b BAndung =300 ##$$a vii, 20 hlm, ilus, 28 cm =650 ##$$a Bacaan Kanak-kanak =850 ##$$a NBPNMAT =990 ##$$a 0001/BPAP-NTB/2016